000 00715nam a2200205Ia 4500
005 20250508151700.0
008 008 250505s9999 xx 000 0 eng d
037 _aBooks to be hide in OPAC
040 _aFEDL
_beng
_cFEDL
041 _aeng
_2eng
084 _a016.370 78, CEN/O
_qFEDL
245 0 _aStudies in education and psychology: Summaries of reports
245 0 _cCentral Institute of Education
260 _aDelhi, India
_bCentral Institute of Education
_c1953
300 _a51p.
365 _aINR
_b2.25
546 _aSubmitted by the students for the degree of master of education 1950-51; Publications Number 2
942 _cHB
_h016.370 78, CEN/O
999 _c1331412
_d1331412